000 00564nam a22001937a 4500
003 OSt
005 20260427052657.0
008 260427b |||||||| |||| 00| 0 eng d
020 _a981-4035-19-x
040 _aDWCL-Main lib.
_cOC
082 _24th ed.
_aCirc. 621.382 T591a 2000
100 _aTomasi, Wayne
245 _aAdvanced electronic communications systems/
_cWayne Tomasi
250 _a4th ed.
260 _bPrentice hall,
_cc2000.
300 _axii 413 pages ;
_c 25 cm.
504 _aInclude index.
942 _2ddc
_cBK-CIRC
_e4th ed.
_hCirc.
_n0
999 _c9920
_d9920